LEADER 01900nam0 22004093i 450 001 LO10599174 005 20231121125522.0 010 $a8887002177 100 $a20140626d2001 ||||0itac50 ba 101 | $aita 102 $ait 181 1$6z01$ai $bxxxe 182 1$6z01$an 200 1 $aDizionario dialettale$elessico comparato dei comuni molisani compresi nelle valli interne del Biferno del Trigno e del Volturno$fNino L. Bagnoli, Mario Discenza, Giambattista Faralli$gpresentazione di Alberto M. Cirese$gintroduzione di Francesco Avolio 210 $aVenafro$cVitmar$d2001 215 $a302 p.$d31 cm.$e1 CD-ROM 606 $aDizionario dialettale$2FIR$3RMLC379690$9I 676 $a019$9Cataloghi dizionari$v21 700 1$aBagnoli$b, Nino L.$3BVEV026992$4070$0441013 701 1$aDiscenza$b, Mario$3LO1V206447$4070$0441014 701 1$aFaralli$b, Giambattista$3REAV093442$4070$0441015 702 1$aAvolio$b, Francesco$3CFIV014053 702 1$aCirese$b, Alberto Mario$3CFIV033893 790 1$aBagnoli$b, Nino Liborio$3SBNV007428$zBagnoli, Nino L. 790 1$aCirese$b, Alberto Maria$3SBNV029693$zCirese, Alberto Mario 790 1$aCirese$b, Alberto M.$3SBNV029694$zCirese, Alberto Mario 790 1$aFaralli$b, Gian Battista$3MOLV000448$zFaralli, Giambattista 790 1$aFaralli$b, G. B.$3SBNV007833$zFaralli, Giambattista 801 3$aIT$bIT-01$c20140626 850 $aIT-FR0084 $aIT-FR0017 899 $aBiblioteca Del Monumento Nazionale Di Montecassino$bFR0084 899 $aBiblioteca umanistica Giorgio Aprea$bFR0017 912 $aLO10599174 950 0$aBiblioteca umanistica Giorgio Aprea$d 52CIS 4/120$e 52VM 0000181235 VM barcode:00057097. - Inventario:23617 FLSVM$fA $h20021015$i20121204 977 $a 25$a 52 996 $aDizionario dialettale$978176 997 $aUNICAS LEADER 02783nam 2200601Ia 450 001 996247921203316 005 20230213211601.0 010 $a1-282-06967-5 010 $a9786612069673 010 $a0-226-08084-6 024 7 $a2027/heb00870 035 $a(CKB)1000000000396134 035 $a(EBL)432211 035 $a(OCoLC)646808775 035 $a(SSID)ssj0000084693 035 $a(PQKBManifestationID)11123947 035 $a(PQKBTitleCode)TC0000084693 035 $a(PQKBWorkID)10169678 035 $a(PQKB)10179023 035 $a(MiAaPQ)EBC432211 035 $a(dli)HEB00870 035 $a(MiU)MIU01000000000000003602830 035 $a(EXLCZ)991000000000396134 100 $a20760319d1976 uy 0 101 0 $aeng 135 $aur|n|---||||| 181 $ctxt 182 $cc 183 $acr 200 10$aPrelude to protectorate in Morocco $eprecolonial protest and resistance, 1860-1912 /$fEdmund Burke III 210 $aChicago $cUniversity of Chicago Press$d1976 215 $a1 online resource (330 p.) 225 1 $aStudies in imperialism 300 $aA rev. version of the author's thesis, Princeton University, 1970. 311 $a0-226-08075-7 320 $aIncludes bibliographical references and index. 327 $aCover; CONTENTS; List of Maps; Series Editor's Preface; Preface; A Note on Transliteration; Chronology; 1. State and Society in Precolonial Morocco; 2. Morocco and the West, 1860-1900; 3. The Era of the Traveling Salesmen; 4. The Crisis of 1905 and the Emergence of Resistance; 5. The Origins and Development of the Hafiziya, 1905-1908; 6. 'Abd al-Hafiz in Power; 7. Reform and Rebellion; 8. The Fez Mutiny and the Revolt of EI Hiba; 9. Patterns of Precolonial Protest and Resistance; List of Abbreviations; Notes; Glossary; Selected Bibliography 330 $aAt last we are beginning to learn as much about the French empire as the British, so that generalizations about imperialism need not continue to be skewed, as they hav,e been in the past, by drawing too many of our data from the British experience. The present study makes a major contribution in this direction, providing as it does the first nearly definitive account of a central series of episodes in the French, African, and Islamic experiences with imperialism. 410 0$aStudies in imperialism. 606 $aHistory, Modern$y20th century 607 $aMorocco$xHistory$y20th century 615 0$aHistory, Modern 676 $a916.4032 676 $a964.03 676 $a964/.03 700 $aBurke$b Edmund$cIII,$f1940-$0137333 801 0$bMiAaPQ 801 1$bMiAaPQ 801 2$bMiAaPQ 906 $aBOOK 912 $a996247921203316 996 $aPrelude to protectorate in Morocco$92392280 997 $aUNISA